Class

Αποθηκεύτηκε σε:
Λεπτομέρειες βιβλιογραφικής εγγραφής
Κύριος συγγραφέας: Scase, Richard
Μορφή: Βιβλίο
Γλώσσα:English
Δημοσίευση: Buckingham : Open University Press, c1992
Σειρά:Concepts in the social sciences
Θέματα:
Ετικέτες: Προσθήκη ετικέτας
Δεν υπάρχουν, Καταχωρήστε ετικέτα πρώτοι!

MARC

LEADER 00000nam a2200000 i 4500
001 1/66392
008 990115s1992 eng d
020 |a 0-335-15625-8 
035 |l 10047298 
040 |a GR-MY-UA  |b gre  |e aacr 
041 0 |a eng 
082 0 |a 305.5 
100 1 |a Scase, Richard. 
245 1 0 |a Class /  |c Richard Scase 
260 |a Buckingham :   |b Open University Press,   |c c1992 
300 |a 99 p. 
490 1 |a Concepts in the social sciences 
504 |a Includes bibliographical references and index 
650 0 0 |a Social classes. 
830 0 |a Concepts in the social sciences 
852 |a INST  |b LESVOS  |e 19990115  |h 305.5 SCA  |p 005100017247  |q 005100017247  |t BK  |y 0 
901 |a BIBL-1999-1 
909 |a Λ  |b 061048 
922 |a 1ΕΛΗ  |b 199811  |c ΚΠΣ/ΤΚ  |d ΠΑΠΑΣΩΤΗΡΙΟΥ 
950 |a  103-1998-07-27